[Event "61st POL-ch"]
[Site "Warsaw POL"]
[Date "2004.04.24"]
[Round "1"]
[White "Kempinski, Robert"]
[Black "Murdzia, Piotr"]
[Result "1-0"]
[WhiteElo "2586"]
[BlackElo "2455"]
[PlyCount "91"]
[EventDate "2004.04.24"]

1. Nf3 d5 2. e3 Nf6 3. c4 e6 4. b3 Be7 5. d4 O-O 6. Bd3 c5 7. O-O cxd4 8. exd4
b6 9. Nbd2 Bb7 10. Qe2 Nc6 11. Bb2 Rc8 12. Rac1 Rc7 13. Rfd1 Qc8 14. Ne5 dxc4
15. bxc4 Nxe5 16. Qxe5 Rd8 17. Qg3 g6 18. h3 Nh5 19. Qe3 Bd6 20. Be2 Bf4 21.
Qc3 Nf6 22. d5 e5 23. Qa3 Nd7 24. g3 Bh6 25. f4 Bg7 26. Ne4 Nc5 27. Nxc5 Rxc5
28. fxe5 Qxh3 29. Bf1 Qg4 30. Qe3 Re8 31. Re1 h5 32. Be2 Qh3 33. Rf1 h4 34. Rf3
Rc7 35. Rcf1 Rce7 36. gxh4 Qc8 37. Qf4 b5 38. R3f2 bxc4 39. Bxc4 Bxe5 40. Bxe5
Rxe5 41. Qxf7+ Kh8 42. Qf6+ Kh7 43. Rg2 Qc5+ 44. Kh2 Qb6 45. Qxb6 axb6 46. Rf7+
1-0

[Event "61st POL-ch"]
[Site "Warsaw POL"]
[Date "2004.04.24"]
[Round "1"]
[White "Cyborowski, Lukasz"]
[Black "Macieja, Bartlomiej"]
[Result "0-1"]
[WhiteElo "2565"]
[BlackElo "2633"]
[PlyCount "72"]
[EventDate "2004.04.24"]

1. Nf3 c5 2. c4 Nf6 3. Nc3 Nc6 4. g3 g6 5. Bg2 Bg7 6. O-O O-O 7. e3 d6 8. d4
Bg4 9. h3 Bxf3 10. Bxf3 Nd7 11. Bxc6 bxc6 12. b3 Nb6 13. Bb2 cxd4 14. exd4 Rb8
15. Qd2 a5 16. Rad1 a4 17. Rfe1 axb3 18. axb3 Nc8 19. d5 Rxb3 20. dxc6 Qb6 21.
Ba1 Bxc3 22. Bxc3 Qxc6 23. Ba1 Qxc4 24. Rc1 Qb4 25. Qh6 e5 26. Red1 Ne7 27. Qg5
f6 28. Qg4 Qxg4 29. hxg4 Rb6 30. Rc7 Kf7 31. f4 g5 32. fxe5 fxe5 33. Rf1+ Ke8
34. Rd1 Rf3 35. Kg2 Ra3 36. Bc3 Rc6 0-1

[Event "61st POL-ch"]
[Site "Warsaw POL"]
[Date "2004.04.24"]
[Round "1"]
[White "Gdanski, Jacek"]
[Black "Miton, Kamil"]
[Result "1/2-1/2"]
[WhiteElo "2529"]
[BlackElo "2563"]
[PlyCount "30"]
[EventDate "2004.04.24"]

1. e4 c5 2. Nf3 Nc6 3. c3 Nf6 4. e5 Nd5 5. Bc4 Nb6 6. Bb3 d5 7. exd6 Qxd6 8.
O-O Be6 9. Na3 Bxb3 10. Qxb3 Qd5 11. d4 cxd4 12. Nb5 Rc8 13. Bf4 Qxb3 14. axb3
a6 15. Nbxd4 Nxd4 1/2-1/2

[Event "61st POL-ch"]
[Site "Warsaw POL"]
[Date "2004.04.24"]
[Round "1"]
[White "Socko, Bartosz"]
[Black "Jaracz, Pawel"]
[Result "1/2-1/2"]
[WhiteElo "2579"]
[BlackElo "2539"]
[PlyCount "25"]
[EventDate "2004.04.24"]

1. e4 c6 2. d4 d5 3. Nc3 dxe4 4. Nxe4 Bf5 5. Ng3 Bg6 6. Nh3 Nd7 7. Nf4 Ngf6 8.
h4 e5 9. dxe5 Nxe5 10. Qe2 Qe7 11. Nxg6 hxg6 12. Bd2 O-O-O 13. Bc3 1/2-1/2

[Event "61st POL-ch"]
[Site "Warsaw POL"]
[Date "2004.04.24"]
[Round "1"]
[White "Jakubowski, Krzysztof"]
[Black "Krasenkow, Michal"]
[Result "1/2-1/2"]
[WhiteElo "2492"]
[BlackElo "2609"]
[PlyCount "113"]
[EventDate "2004.04.24"]

1. e4 g6 2. d4 Bg7 3. Nc3 c6 4. f4 d5 5. e5 Qb6 6. h3 Nh6 7. g4 f6 8. Nf3 O-O
9. Be2 Nf7 10. Qd3 Na6 11. a3 g5 12. Bd2 gxf4 13. exf6 exf6 14. O-O-O Ne5 15.
dxe5 Nc5 16. Qd4 fxe5 17. Qb4 e4 18. Nh4 f3 19. Bf1 d4 20. Bc4+ Kh8 21. Nxe4
Nxe4 22. Qe7 Qd8 23. Ng6+ hxg6 24. Qxe4 Qe8 25. Qxe8 Rxe8 26. Bf7 Rf8 27. Bxg6
Be6 28. Rhe1 f2 29. Rxe6 f1=Q 30. Rxf1 Rxf1+ 31. Be1 Bf6 32. Kd2 Bg5+ 33. Ke2
Rh1 34. Bg3 Rxh3 35. Be5+ Kg8 36. Bxd4 Rd8 37. Bc3 Rh6 38. Kf3 Rf8+ 39. Ke4 Rh2
40. Kd3 Rh3+ 41. Kc4 Re3 42. Bf5 Rxe6 43. Bxe6+ Kh7 44. Bf5+ Kh6 45. Bd4 Rf7
46. a4 b6 47. b4 Bf4 48. a5 Bc7 49. a6 Kg5 50. b5 cxb5+ 51. Kxb5 Bf4 52. Kc6
Rc7+ 53. Kd5 Bd2 54. Ke6 Rc6+ 55. Kd5 Rc7 56. Ke6 Rc6+ 57. Kd5 1/2-1/2

[Event "61st POL-ch"]
[Site "Warsaw POL"]
[Date "2004.04.24"]
[Round "1"]
[White "Lagowski, Patryk"]
[Black "Mista, Aleksander"]
[Result "1-0"]
[WhiteElo "2425"]
[BlackElo "2517"]
[PlyCount "67"]
[EventDate "2004.04.24"]

1. e4 c6 2. Nf3 d5 3. Nc3 Bg4 4. h3 Bxf3 5. Qxf3 e6 6. d3 Nd7 7. Bd2 g6 8. g4
Bg7 9. Bg2 Qb6 10. O-O-O d4 11. Ne2 Nc5 12. h4 h5 13. Bh3 a5 14. gxh5 Rxh5 15.
Bg4 Na4 16. b3 Rb5 17. h5 Qc5 18. Rdg1 Qa3+ 19. Kd1 Nb2+ 20. Ke1 g5 21. h6 Nxh6
22. Bxe6 fxe6 23. Rxh6 Bxh6 24. Qh5+ Kd7 25. Qxh6 Re8 26. Qg7+ Kc8 27. Qf7 Re7
28. Qf8+ Kd7 29. Rh1 Kc7 30. Nxd4 Kb6 31. Nxb5 Kxb5 32. Rh7 Qxa2 33. Qxe7 Qb1+
34. Ke2 1-0

[Event "61st POL-ch"]
[Site "Warsaw POL"]
[Date "2004.04.25"]
[Round "2"]
[White "Murdzia, Piotr"]
[Black "Krasenkow, Michal"]
[Result "1/2-1/2"]
[WhiteElo "2455"]
[BlackElo "2609"]
[PlyCount "105"]
[EventDate "2004.04.24"]

1. e4 g6 2. d4 Bg7 3. Nc3 c6 4. Nf3 d5 5. h3 Nh6 6. Bf4 O-O 7. Qd2 dxe4 8. Nxe4
Nf5 9. c3 Nd7 10. Be2 Nb6 11. Be5 Qd5 12. Bxg7 Kxg7 13. Qf4 f6 14. h4 Re8 15.
Nfd2 e5 16. dxe5 Qxe5 17. Qxe5 Rxe5 18. f3 Be6 19. Kf2 Rd8 20. b3 Bf7 21. g3
Nxg3 22. Kxg3 f5 23. c4 fxe4 24. Nxe4 Be6 25. Rad1 Rf8 26. Bd3 Bf5 27. Rhe1
Bxe4 28. Rxe4 Rxe4 29. Bxe4 Rf7 30. Rd8 Nd7 31. b4 Kf6 32. f4 Ke6 33. Bf3 Nf6
34. Ra8 a6 35. Rb8 Kd6 36. a4 Kc7 37. Rh8 Nd7 38. a5 Nf8 39. h5 Kd6 40. c5+ Ke7
41. hxg6 hxg6 42. Bg4 Kf6 43. Rg8 Ne6 44. Bxe6 Kxe6 45. Rxg6+ Kd5 46. Rg4 Ke4
47. Rg8 Kf5 48. Re8 Rd7 49. Re5+ Kf6 50. Kf3 Rd1 51. Re4 Rb1 52. Kg4 Rg1+ 53.
Kf3 1/2-1/2

[Event "61st POL-ch"]
[Site "Warsaw POL"]
[Date "2004.04.25"]
[Round "2"]
[White "Macieja, Bartlomiej"]
[Black "Jakubowski, Krzysztof"]
[Result "1-0"]
[WhiteElo "2633"]
[BlackElo "2492"]
[PlyCount "62"]
[EventDate "2004.04.24"]

1. Nf3 c5 2. c4 Nc6 3. d4 cxd4 4. Nxd4 Nf6 5. Nc3 b6 6. e4 Bb7 7. Bg5 e6 8.
Nxc6 Bxc6 9. Bd3 h6 10. Bh4 Bc5 11. e5 g5 12. Bg3 Ng8 13. Qh5 Qc7 14. h4 gxh4
15. Rxh4 Ne7 16. Rf4 Rf8 17. Kf1 O-O-O 18. Ne4 Nf5 19. Rxf5 exf5 20. Qxf5 Qb7
21. a3 Rg8 22. b4 Rxg3 23. fxg3 Bf8 24. Rc1 Kb8 25. Rc2 a5 26. Rb2 axb4 27.
axb4 Qa7 28. Qf2 Rc8 29. Ra2 Qb7 30. Qd4 Re8 31. b5 Qc7 1-0

[Event "61st POL-ch"]
[Site "Warsaw POL"]
[Date "2004.04.25"]
[Round "2"]
[White "Jakubiec, Artur"]
[Black "Socko, Bartosz"]
[Result "1/2-1/2"]
[WhiteElo "2532"]
[BlackElo "2579"]
[PlyCount "51"]
[EventDate "2004.04.24"]

1. d4 Nf6 2. Nf3 g6 3. c4 Bg7 4. Nc3 d6 5. e4 O-O 6. Be2 e5 7. O-O Nc6 8. d5
Ne7 9. b4 a5 10. Ba3 b6 11. bxa5 Ne8 12. Nb5 Rxa5 13. Bb4 Ra8 14. a4 f5 15. a5
bxa5 16. Rxa5 Rxa5 17. Bxa5 fxe4 18. Nd2 e3 19. fxe3 Rxf1+ 20. Nxf1 Bd7 21. Qb3
Qa8 22. Bxc7 Bxb5 23. Qxb5 Nxc7 24. Qd7 Ncxd5 25. cxd5 Kf8 26. Qxd6 1/2-1/2

[Event "61st POL-ch"]
[Site "Warsaw POL"]
[Date "2004.04.25"]
[Round "2"]
[White "Mista, Aleksander"]
[Black "Gdanski, Jacek"]
[Result "0-1"]
[WhiteElo "2517"]
[BlackElo "2529"]
[PlyCount "98"]
[EventDate "2004.04.24"]

1. e4 e6 2. d4 d5 3. Nd2 c5 4. exd5 exd5 5. Ngf3 a6 6. dxc5 Bxc5 7. Nb3 Ba7 8.
Bd3 Nc6 9. O-O Nge7 10. h3 O-O 11. Bf4 Ng6 12. Bh2 Qf6 13. c3 Re8 14. Bc2 Bf5
15. Bxf5 Qxf5 16. Qd2 h6 17. Rae1 Re4 18. Rd1 Rd8 19. Rfe1 Bb6 20. Bg3 Rde8 21.
Kf1 Qe6 22. Qd3 Kh7 23. Nbd2 f5 24. Nxe4 dxe4 25. Qd7 Qc4+ 26. Kg1 Re7 27. Qxf5
exf3 28. Rxe7 Ncxe7 29. Qxf3 Qxa2 30. h4 Qa4 31. h5 Nh4 32. Qd3+ Nhf5 33. Bd6
Kh8 34. c4 Nxd6 35. Qxd6 Ng8 36. Re1 Ba5 37. Re4 Qa1+ 38. Kh2 Qxb2 39. f3 Qf2
40. Qe5 Bb6 41. Kh3 Qg1 42. Rg4 Nf6 43. Qb8+ Kh7 44. Rxg7+ Kxg7 45. Qxb7+ Kf8
46. Qb8+ Kf7 47. Qb7+ Ke6 48. Qc6+ Ke7 49. Qb7+ Kd8 0-1

[Event "61st POL-ch"]
[Site "Warsaw POL"]
[Date "2004.04.25"]
[Round "2"]
[White "Miton, Kamil"]
[Black "Markowski, Tomasz"]
[Result "1-0"]
[WhiteElo "2563"]
[BlackElo "2605"]
[PlyCount "73"]
[EventDate "2004.04.24"]

1. d4 d5 2. c4 dxc4 3. e4 Nf6 4. e5 Nd5 5. Bxc4 Nb6 6. Bb3 Bf5 7. Nc3 e6 8.
Nge2 Nc6 9. a3 Qd7 10. O-O Be7 11. Be3 O-O 12. Bc2 Bxc2 13. Qxc2 Rfd8 14. Rad1
Nd5 15. Ne4 a5 16. Bg5 h6 17. Bc1 Bf8 18. N2g3 g6 19. h4 Nce7 20. h5 Qc6 21.
Qe2 Nf5 22. Qg4 Kh7 23. Rd3 Bg7 24. Ne2 Qe8 25. hxg6+ fxg6 26. Rh3 Kg8 27. N2c3
Qf7 28. Qd1 g5 29. g4 Nfe7 30. f4 gxf4 31. Bxf4 Qg6 32. Nxd5 Nxd5 33. Qd3 Nxf4
34. Rxf4 Kh8 35. g5 c5 36. Nxc5 Qxg5+ 37. Qg3 1-0

[Event "61st POL-ch"]
[Site "Warsaw POL"]
[Date "2004.04.25"]
[Round "2"]
[White "Kempinski, Robert"]
[Black "Lagowski, Patryk"]
[Result "1/2-1/2"]
[WhiteElo "2586"]
[BlackElo "2425"]
[PlyCount "57"]
[EventDate "2004.04.24"]

1. d4 Nf6 2. c4 c6 3. Nc3 d5 4. e3 g6 5. Nf3 Bg7 6. b4 O-O 7. Qb3 dxc4 8. Bxc4
b5 9. Be2 a5 10. a3 axb4 11. Qxb4 Qa5 12. Qxa5 Rxa5 13. Bd2 Ra7 14. O-O Bf5 15.
Ne5 Ne4 16. Nxe4 Bxe4 17. f3 Bd5 18. Rfc1 f5 19. Kf2 Bxe5 20. dxe5 Nd7 21. e6
Nb8 22. Bb4 Bxe6 23. Bc5 Rb7 24. a4 bxa4 25. Rxa4 Kf7 26. h4 Nd7 27. Ba3 Nf6
28. Ra6 Bd5 29. Bc4 1/2-1/2

[Event "61st POL-ch"]
[Site "Warsaw POL"]
[Date "2004.04.25"]
[Round "2"]
[White "Jaracz, Pawel"]
[Black "Cyborowski, Lukasz"]
[Result "1/2-1/2"]
[WhiteElo "2539"]
[BlackElo "2565"]
[PlyCount "28"]
[EventDate "2004.04.24"]

1. e4 c5 2. Nf3 d6 3. d4 cxd4 4. Nxd4 Nf6 5. Nc3 a6 6. Be3 e5 7. Nb3 Be6 8. f3
Be7 9. Qd2 Nbd7 10. g4 O-O 11. O-O-O Nb6 12. h4 Rc8 13. Kb1 Qc7 14. Qg2 Nc4
1/2-1/2

[Event "61st POL-ch"]
[Site "Warsaw POL"]
[Date "2004.04.26"]
[Round "3"]
[White "Lagowski, Patryk"]
[Black "Murdzia, Piotr"]
[Result "1/2-1/2"]
[WhiteElo "2425"]
[BlackElo "2455"]
[PlyCount "75"]
[EventDate "2004.04.24"]

1. d4 d5 2. Nf3 Nf6 3. c4 dxc4 4. Qa4+ Nc6 5. Nc3 Nd5 6. Qxc4 Nb6 7. Qd3 e5 8.
Nxe5 Qxd4 9. Nxc6 Qxd3 10. exd3 bxc6 11. Be2 Be6 12. Be3 Nd5 13. O-O Kd7 14.
Rfc1 Bd6 15. Na4 Rhb8 16. b3 a5 17. Bf3 Ra6 18. Rc2 Ne7 19. Rac1 Bd5 20. Be2 f5
21. Bc5 Raa8 22. Bf1 g5 23. d4 Rb7 24. Re1 Rf8 25. Bd3 Ng6 26. g3 Rbb8 27. Rce2
Rf6 28. Bc4 Bxc4 29. bxc4 Rf7 30. Re6 Re7 31. Rxe7+ Nxe7 32. Kg2 Ng6 33. a3 Rb3
34. Re3 Rb1 35. Bxd6 cxd6 36. c5 Rd1 37. Nb6+ Kc7 38. Nc4 1/2-1/2

[Event "61st POL-ch"]
[Site "Warsaw POL"]
[Date "2004.04.26"]
[Round "3"]
[White "Jakubowski, Krzysztof"]
[Black "Jaracz, Pawel"]
[Result "1-0"]
[WhiteElo "2492"]
[BlackElo "2539"]
[PlyCount "111"]
[EventDate "2004.04.24"]

1. e4 c6 2. d4 d5 3. exd5 cxd5 4. Nf3 Nf6 5. Be2 Nc6 6. O-O Bf5 7. c4 e6 8. Qb3
a6 9. Bd2 Be4 10. cxd5 Bxd5 11. Qa4 Bd6 12. Nc3 O-O 13. Nxd5 Nxd5 14. Rad1 Bf4
15. Rfe1 Qf6 16. a3 Bxd2 17. Rxd2 Rfd8 18. Bf1 Rac8 19. Qd1 Nde7 20. Re3 Nf5
21. Rc3 Nce7 22. Ne5 h6 23. Rdd3 Nd5 24. Rxc8 Rxc8 25. Rb3 Rc7 26. Qd2 Qh4 27.
Nf3 Qd8 28. g3 Qc8 29. Bd3 Rc1+ 30. Kg2 Qc6 31. Rxb7 Qxb7 32. Qxc1 Nde7 33. Qc3
g5 34. Qb4 Qa8 35. h3 h5 36. Bxf5 Nxf5 37. Qd2 f6 38. d5 exd5 39. g4 hxg4 40.
hxg4 Nh6 41. Qd4 Qc6 42. b4 Nf7 43. Qd3 Qe6 44. Qf5 Qd6 45. Nd4 Kf8 46. Qc8+
Nd8 47. Qxd8+ Qxd8 48. Ne6+ Ke7 49. Nxd8 Kxd8 50. Kf3 Kd7 51. Ke3 Kc6 52. a4
Kd7 53. Kd4 Kd6 54. b5 a5 55. f3 Ke6 56. Kc5 1-0

[Event "61st POL-ch"]
[Site "Warsaw POL"]
[Date "2004.04.26"]
[Round "3"]
[White "Krasenkow, Michal"]
[Black "Macieja, Bartlomiej"]
[Result "1-0"]
[WhiteElo "2609"]
[BlackElo "2633"]
[PlyCount "83"]
[EventDate "2004.04.24"]

1. Nf3 c5 2. c4 Nf6 3. Nc3 Nc6 4. d4 cxd4 5. Nxd4 e6 6. a3 Nxd4 7. Qxd4 b6 8.
Qf4 Ba6 9. e4 Rc8 10. e5 Ng8 11. b3 f5 12. h4 d6 13. Bb2 Qc7 14. c5 Bxf1 15.
cxd6 Qd7 16. Kxf1 Nh6 17. Rc1 Nf7 18. Ne2 Rxc1+ 19. Qxc1 g6 20. Rh3 Bg7 21. Rc3
O-O 22. f4 Qb5 23. Qc2 h6 24. Kg1 Qd5 25. Qd3 Nxd6 26. Qxd5 exd5 27. exd6 Bxc3
28. Bxc3 Kf7 29. Be5 Ke6 30. Nd4+ Kd7 31. h5 gxh5 32. Kh2 h4 33. Kh3 Rg8 34.
Nxf5 b5 35. Nd4 a6 36. f5 Re8 37. f6 a5 38. Kg4 Rg8+ 39. Kf5 Rg5+ 40. Kf4 Ke8
41. d7+ Kxd7 42. f7 1-0

[Event "61st POL-ch"]
[Site "Warsaw POL"]
[Date "2004.04.26"]
[Round "3"]
[White "Markowski, Tomasz"]
[Black "Mista, Aleksander"]
[Result "1-0"]
[WhiteElo "2605"]
[BlackElo "2517"]
[PlyCount "81"]
[EventDate "2004.04.24"]

1. g3 g6 2. Bg2 Bg7 3. c4 Nf6 4. Nc3 d6 5. d4 O-O 6. Nf3 Nbd7 7. O-O e5 8. Rb1
a5 9. e4 Re8 10. h3 exd4 11. Nxd4 Nc5 12. Re1 a4 13. Ndb5 Bd7 14. Bf4 Bxb5 15.
cxb5 Nfd7 16. Qc2 a3 17. b4 Ne6 18. Be3 c5 19. bxc6 bxc6 20. Red1 Qc7 21. Ne2
c5 22. bxc5 dxc5 23. e5 Ra7 24. f4 f6 25. Nc3 Qd8 26. Nb5 Ra6 27. Qd3 Re7 28.
Nxa3 Qa5 29. Nc4 Qxa2 30. Bd5 Qa4 31. Rb7 fxe5 32. fxe5 Nxe5 33. Rb8+ Kf7 34.
Rf1+ Bf6 35. Nxe5+ Kg7 36. Ng4 Bd4 37. Bxd4+ Qxd4+ 38. Qxd4+ cxd4 39. Re1 h5
40. Nf2 Kf6 41. Ne4+ 1-0

[Event "61st POL-ch"]
[Site "Warsaw POL"]
[Date "2004.04.26"]
[Round "3"]
[White "Cyborowski, Lukasz"]
[Black "Jakubiec, Artur"]
[Result "0-1"]
[WhiteElo "2565"]
[BlackElo "2532"]
[PlyCount "66"]
[EventDate "2004.04.24"]

1. e4 c5 2. Nf3 d6 3. d4 cxd4 4. Qxd4 Nc6 5. Bb5 Qd7 6. Qd3 a6 7. Bxc6 Qxc6 8.
Nd4 Qc7 9. O-O e6 10. c4 Nf6 11. Nc3 Be7 12. b3 b6 13. Bb2 g5 14. Rad1 Rg8 15.
Rfe1 Bd7 16. a4 Qc5 17. Nc2 Rd8 18. Ne3 Kf8 19. Qe2 g4 20. Bc1 Qe5 21. Qd3 Rg6
22. Nf1 Bc8 23. Ba3 Bb7 24. Ng3 Ne8 25. Nf5 Bf6 26. Nxd6 Nxd6 27. Qxd6+ Rxd6
28. Bxd6+ Qxd6 29. Rxd6 Bxc3 30. Rc1 Bb2 31. Rb1 Bc3 32. Rc1 Bb2 33. Rb1 Bc3
0-1

[Event "61st POL-ch"]
[Site "Warsaw POL"]
[Date "2004.04.26"]
[Round "3"]
[White "Socko, Bartosz"]
[Black "Miton, Kamil"]
[Result "1/2-1/2"]
[WhiteElo "2579"]
[BlackElo "2563"]
[PlyCount "52"]
[EventDate "2004.04.24"]

1. g3 f5 2. Bg2 Nf6 3. d4 g6 4. Nh3 Bg7 5. Nf4 d6 6. d5 c6 7. c4 O-O 8. Nc3 e5
9. dxe6 Na6 10. h4 Nc5 11. h5 gxh5 12. e4 fxe4 13. Be3 Nd3+ 14. Nxd3 exd3 15.
Bh3 Qe8 16. Qxd3 Bxe6 17. Bxe6+ Qxe6 18. O-O-O Ng4 19. Rxh5 Qg6 20. Rg5 Qxd3
21. Rxd3 Nxe3 22. fxe3 Rae8 23. Rxd6 Rxe3 24. Rd7 Rf7 25. Rd8+ Rf8 26. Rd7 Rf7
1/2-1/2

[Event "61st POL-ch"]
[Site "Warsaw POL"]
[Date "2004.04.27"]
[Round "4"]
[White "Lagowski, Patryk"]
[Black "Gdanski, Jacek"]
[Result "1/2-1/2"]
[WhiteElo "2425"]
[BlackElo "2529"]
[PlyCount "75"]
[EventDate "2004.04.24"]

1. d4 Nf6 2. c4 c5 3. d5 d6 4. Nc3 g6 5. e4 Bg7 6. h3 e6 7. Nf3 O-O 8. Bd3 Na6
9. O-O e5 10. a3 Nh5 11. Re1 h6 12. Rb1 Qf6 13. Nb5 Rd8 14. Bf1 Nf4 15. Kh2 g5
16. g3 Ng6 17. Be3 Qe7 18. b4 b6 19. Qa4 Nc7 20. bxc5 Nxb5 21. Rxb5 dxc5 22.
Qc2 Bd7 23. Rb2 Qe8 24. Nd2 Ne7 25. Bg2 Nc8 26. Ra2 Ba4 27. Qd3 Nd6 28. f4 Qe7
29. f5 Bf6 30. Rc1 Rdc8 31. Qe2 Rab8 32. Bf1 Bg7 33. Qg4 Kf8 34. Bd3 Qd7 35.
Rb2 Bf6 36. Rbb1 Ke7 37. Qe2 Bg7 38. Kg2 1/2-1/2

[Event "61st POL-ch"]
[Site "Warsaw POL"]
[Date "2004.04.27"]
[Round "4"]
[White "Murdzia, Piotr"]
[Black "Macieja, Bartlomiej"]
[Result "1/2-1/2"]
[WhiteElo "2455"]
[BlackElo "2633"]
[PlyCount "44"]
[EventDate "2004.04.24"]

1. e4 c5 2. Nf3 d6 3. c3 Nf6 4. Bd3 Bg4 5. Bc2 Nc6 6. d3 Bxf3 7. Qxf3 g6 8. O-O
Bg7 9. Qe2 O-O 10. Nd2 b5 11. Nf3 Nd7 12. a3 a5 13. Bg5 Qc7 14. Rad1 Rfc8 15.
d4 cxd4 16. cxd4 e5 17. dxe5 Ndxe5 18. Nxe5 dxe5 19. Bb1 Nd4 20. Qd3 Qc4 21.
Kh1 b4 22. Qxc4 Rxc4 1/2-1/2

[Event "61st POL-ch"]
[Site "Warsaw POL"]
[Date "2004.04.27"]
[Round "4"]
[White "Miton, Kamil"]
[Black "Cyborowski, Lukasz"]
[Result "1/2-1/2"]
[WhiteElo "2563"]
[BlackElo "2565"]
[PlyCount "26"]
[EventDate "2004.04.24"]

1. d4 Nf6 2. c4 g6 3. Nc3 d5 4. Nf3 Bg7 5. cxd5 Nxd5 6. Bd2 c5 7. Rc1 Nxc3 8.
Bxc3 cxd4 9. Nxd4 O-O 10. e3 Bd7 11. Be2 Nc6 12. O-O Nxd4 13. Bxd4 Bc6 1/2-1/2

[Event "61st POL-ch"]
[Site "Warsaw POL"]
[Date "2004.04.27"]
[Round "4"]
[White "Mista, Aleksander"]
[Black "Socko, Bartosz"]
[Result "1/2-1/2"]
[WhiteElo "2517"]
[BlackElo "2579"]
[PlyCount "102"]
[EventDate "2004.04.24"]

1. e4 e5 2. Nf3 Nc6 3. Bb5 a6 4. Ba4 Nf6 5. O-O Be7 6. Re1 b5 7. Bb3 d6 8. c3
O-O 9. h3 Nb8 10. d4 Nbd7 11. Nbd2 Bb7 12. Bc2 Re8 13. Nf1 Bf8 14. Ng3 g6 15.
Bg5 h6 16. Bd2 Bg7 17. a4 c5 18. d5 c4 19. b4 cxb3 20. Bxb3 Nc5 21. c4 Qd7 22.
cxb5 axb5 23. a5 Rec8 24. Bc2 Rc7 25. Ra3 Rac8 26. Nh4 Kh7 27. f4 exf4 28. Bxf4
Ng8 29. Ngf5 Be5 30. Bxe5 dxe5 31. Rg3 Na4 32. Bxa4 bxa4 33. Qa1 Re8 34. Qa3
Ra8 35. Rb1 Qd8 36. Rb6 Ra6 37. Qb2 Rxb6 38. axb6 Rc4 39. Qxe5 Qxb6+ 40. Kh2
Qf6 41. Qb8 Bc8 42. e5 Qd8 43. e6 fxe6 44. dxe6 gxf5 45. Nxf5 Qc7 46. Qb1 Nf6
47. Nd6+ Rc2 48. Nb5 Qe5 49. Qxc2+ Ne4 50. Kg1 Qa1+ 51. Kh2 Qe5 1/2-1/2

[Event "61st POL-ch"]
[Site "Warsaw POL"]
[Date "2004.04.27"]
[Round "4"]
[White "Kempinski, Robert"]
[Black "Markowski, Tomasz"]
[Result "1/2-1/2"]
[WhiteElo "2586"]
[BlackElo "2605"]
[PlyCount "24"]
[EventDate "2004.04.24"]

1. d4 d5 2. Nf3 Nf6 3. g3 c6 4. Bg2 Bf5 5. O-O h6 6. c4 e6 7. Nc3 Nbd7 8. b3
Be7 9. Bb2 O-O 10. Re1 Ne4 11. Rf1 Nef6 12. Re1 Ne4 1/2-1/2

[Event "61st POL-ch"]
[Site "Warsaw POL"]
[Date "2004.04.27"]
[Round "4"]
[White "Jakubiec, Artur"]
[Black "Jakubowski, Krzysztof"]
[Result "1-0"]
[WhiteElo "2532"]
[BlackElo "2492"]
[PlyCount "65"]
[EventDate "2004.04.24"]

1. e4 d5 2. exd5 Nf6 3. Nc3 Nxd5 4. Bc4 e6 5. Qf3 Nb6 6. Bb3 a5 7. a3 Nc6 8.
Nge2 Be7 9. d3 O-O 10. Be3 a4 11. Ba2 Ra5 12. d4 Bd6 13. Ne4 Ne7 14. c4 Rf5 15.
Qh3 e5 16. g4 exd4 17. Bxd4 Re5 18. Bxe5 Bxe5 19. c5 Nbd5 20. O-O-O c6 21. f4
Bb8 22. f5 Qa5 23. N2c3 Be5 24. Bxd5 cxd5 25. Nxd5 Nc6 26. Qd3 h6 27. Nb6 Bd4
28. Qc4 Be3+ 29. Kb1 Ne5 30. Qb4 Qa6 31. Nd6 Nd3 32. Qc3 Bxc5 33. Nbxc8 1-0

[Event "61st POL-ch"]
[Site "Warsaw POL"]
[Date "2004.04.28"]
[Round "5"]
[White "Jakubowski, Krzysztof"]
[Black "Miton, Kamil"]
[Result "1/2-1/2"]
[WhiteElo "2492"]
[BlackElo "2563"]
[PlyCount "101"]
[EventDate "2004.04.24"]

1. d4 Nf6 2. Nf3 g6 3. g3 Bg7 4. Bg2 O-O 5. O-O d6 6. Re1 Bg4 7. h3 Bxf3 8.
exf3 d5 9. Nd2 e6 10. c3 c5 11. dxc5 Nfd7 12. Nb3 Na6 13. Be3 Rc8 14. f4 Naxc5
15. Bd4 Bxd4 16. Nxd4 Nf6 17. Rc1 a6 18. Rc2 b5 19. Nf3 Nce4 20. Qd4 Rc4 21.
Qe3 Rc7 22. Rce2 Qb8 23. Ng5 Nxg5 24. fxg5 Nd7 25. a3 Qb6 26. Qf3 a5 27. h4 b4
28. cxb4 axb4 29. h5 Rfc8 30. h6 bxa3 31. Qxa3 Qc5 32. b4 Qd4 33. Qa1 Qxa1 34.
Rxa1 Rc1+ 35. Rxc1 Rxc1+ 36. Bf1 Kf8 37. Ra2 Rb1 38. Ra7 Ne5 39. Kg2 Rxb4 40.
Ra8+ Ke7 41. Rh8 Rb2 42. Rxh7 Rb8 43. f4 Nd7 44. Bd3 Rg8 45. Rg7 Kf8 46. Rxg8+
Kxg8 47. g4 e5 48. f5 Nf8 49. Kg3 Kh7 50. Bb5 Kg8 51. Bc6 1/2-1/2

[Event "61st POL-ch"]
[Site "Warsaw POL"]
[Date "2004.04.28"]
[Round "5"]
[White "Cyborowski, Lukasz"]
[Black "Mista, Aleksander"]
[Result "1-0"]
[WhiteElo "2565"]
[BlackElo "2517"]
[PlyCount "51"]
[EventDate "2004.04.24"]

1. e4 e5 2. Nf3 Nf6 3. Nc3 Nc6 4. Bb5 Bb4 5. O-O O-O 6. d3 d6 7. Bg5 Bxc3 8.
bxc3 Qe7 9. Re1 Nd8 10. d4 Bg4 11. h3 Bh5 12. Bh4 h6 13. g4 Bg6 14. Bd3 Bh7 15.
d5 b6 16. g5 hxg5 17. Bxg5 Qd7 18. Bxf6 gxf6 19. Kh2 Kg7 20. Rg1+ Bg6 21. Nh4
Rh8 22. Rg4 Nb7 23. Qf3 Rh5 24. Nf5+ Kh7 25. Rag1 Rh8 26. Bb5 1-0

[Event "61st POL-ch"]
[Site "Warsaw POL"]
[Date "2004.04.28"]
[Round "5"]
[White "Socko, Bartosz"]
[Black "Kempinski, Robert"]
[Result "1/2-1/2"]
[WhiteElo "2579"]
[BlackElo "2586"]
[PlyCount "33"]
[EventDate "2004.04.24"]

1. e4 c5 2. Nf3 d6 3. d4 cxd4 4. Nxd4 Nf6 5. Nc3 a6 6. Be3 Ng4 7. Bc1 Nf6 8.
Be3 Ng4 9. Bg5 h6 10. Bh4 g5 11. Bg3 Bg7 12. Be2 h5 13. Bxg4 Bxg4 14. f3 Bd7
15. Bf2 Nc6 16. O-O e6 17. Nce2 1/2-1/2

[Event "61st POL-ch"]
[Site "Warsaw POL"]
[Date "2004.04.28"]
[Round "5"]
[White "Gdanski, Jacek"]
[Black "Murdzia, Piotr"]
[Result "1-0"]
[WhiteElo "2529"]
[BlackElo "2455"]
[PlyCount "49"]
[EventDate "2004.04.24"]

1. e4 g6 2. d4 Bg7 3. Nc3 c6 4. h3 d5 5. Nf3 Nh6 6. Bd3 O-O 7. O-O f6 8. Ne2
Na6 9. Bd2 Nf7 10. exd5 cxd5 11. c4 Nc7 12. Re1 e6 13. Rc1 Bd7 14. Nf4 Re8 15.
Qb3 g5 16. Nh5 dxc4 17. Bxc4 Bc6 18. Rxe6 Rxe6 19. Bxe6 Nxe6 20. Qxe6 Bd5 21.
Qf5 Nh6 22. Qc2 Qd7 23. Qc7 Rd8 24. Nxg5 Nf5 25. Qxd7 1-0

[Event "61st POL-ch"]
[Site "Warsaw POL"]
[Date "2004.04.28"]
[Round "5"]
[White "Krasenkow, Michal"]
[Black "Jakubiec, Artur"]
[Result "1/2-1/2"]
[WhiteElo "2609"]
[BlackElo "2532"]
[PlyCount "101"]
[EventDate "2004.04.24"]

1. d4 Nf6 2. c4 e6 3. Nf3 Bb4+ 4. Bd2 Qe7 5. g3 Nc6 6. Nc3 Bxc3 7. Bxc3 Ne4 8.
Rc1 Nxc3 9. Rxc3 d6 10. Bg2 O-O 11. O-O e5 12. d5 Nb8 13. b4 a5 14. a3 Na6 15.
Qb1 Bg4 16. c5 axb4 17. cxd6 cxd6 18. axb4 Rfc8 19. Rfc1 Rxc3 20. Rxc3 Bxf3 21.
Bxf3 Qd8 22. Bg4 g6 23. e4 Qb6 24. Rc4 Nc7 25. Qc2 Nb5 26. Rc8+ Rxc8 27. Qxc8+
Kg7 28. Qd7 Kf6 29. Be6 fxe6 30. dxe6 Qc7 31. Qxb5 Kxe6 32. Qd5+ Kf6 33. b5 Qb6
34. h4 h5 35. Kf1 Kg7 36. Ke2 Qc7 37. Kd3 Qb6 38. Kc4 Qc7+ 39. Kd3 Qb6 40. Kc4
Qc7+ 41. Kb4 Kf6 42. f4 Ke7 43. Qc4 Qd8 44. Qd5 Qc7 45. Kb3 Kf6 46. Qg8 exf4
47. gxf4 Qc5 48. Qf8+ Ke6 49. Qe8+ Kf6 50. Qf8+ Ke6 51. Qe8+ 1/2-1/2